Vorlesungen über artinsche Ringe /
Guardado en:
| Autor Principal: | |
|---|---|
| Formato: | Libro |
| Idioma: | German |
| Publicado: |
Budapest :
Akadémiai Kiadó,
1968.
|
| Materias: | |
| Etiquetas: |
Agregar Etiqueta
Sin Etiquetas, Sea el primero en etiquetar este registro!
|
| LEADER | 00610nam a22001931a 4500 | ||
|---|---|---|---|
| 001 | MAT.inmabb005750 | ||
| 008 | 840814s1968####hu#######b####000#0#ger## | ||
| 005 | 20170824120556.0 | ||
| 245 | 1 | 0 | |a Vorlesungen über artinsche Ringe / |c [Deutsche Bearbeitung: Reiner Fritzsche und Renate Kummer]. |
| 260 | |a Budapest : |b Akadémiai Kiadó, |c 1968. | ||
| 300 | |a 281 p. ; |c 25 cm. | ||
| 504 | |a Bibliografía: p. 263-271. | ||
| 510 | 4 | |a MR, |c 39 #1482 | |
| 100 | 1 | |a Kertész, Andor. | |
| 650 | 0 | |a Artin rings. | |
| 084 | |a 16.10 |2 MR | ||
| 010 | |a 74248353 | ||
| 040 | |a DLC/ICU |c ICU |d DLC | ||
| 859 | |h 16 |i K41 |p A-2980 |b BIB. MATEMATICA | ||
